000
00275nam a22001097a 4500
008
240710b |||||||| |||| 00| 0 eng d
100
_a
Mahbubani, Goverdhan
_9
16764
245
_a
Guru Ea Mukhdiyu
260
_a
Bombay:
_b
Lok Sewa Mandal;
_c
1964.
300
_a
128p.
942
_c
BK
999
_c
39892
_d
39892